000 00430 a2200169 4500
001 066747
003 OSt
005 20211007110602.0
008
082 _a658.45
_bV82B
100 1 _aViswanathan, Rajesh
245 1 _aBusiness communication
_cby Rajesh Viswanathan
260 _aMumbai
_bHimalaya Publishing
_c2010
300 _a388p.
690 _aBusiness Communication
942 _2ddc
_cBK
999 _c755
_d755